000 00710nam a2200205Ia 4500
001 2446
003 GE_BSU
008 181216s||||||||xx |||||||||||||| ||und||
040 _cGE_BSU
080 _a902.2(479.223)+904(479.223)
245 _aსამხრეთ–დასავლეთ საქართველოს ძეგლები. XIII.
245 _c[რედ. ლ. ხახუტაიშვილი]
260 _aთბილისი
260 _bმეცნიერება
260 _c1985
300 _a120 გვ.
541 _h5 ლ.
653 _aსამხრეთ–დასავლეთ საქართველოს ძეგლები
942 _cBK
999 _c36528
_d36528